000
00503nam a2200181Ia 4500
008
100917s9999 xx 000 0 und d
082
_b
39799
100
_a
बारवाडे गणपत
245
_a
बायकोचा भाऊ
260
_b
शेटये प्रकाशन
_c
1976
300
_a
88
365
_b
5
520
_a
नाटक
630
_a
बायकोचा भाऊ
650
_a
नाटक
730
_a
बायकोचा भाऊ
942
_c
BOOK
999
_c
645193
_d
645190